000 00678nam a2200265Ia 4500
001 7955
005 20240113234043.0
007 ta
008 050714s1992 a g b000 u eng u
020 _a0-1-283430-4
040 _aCotton College,Assam
041 _aeng
082 _a823
_bWo 15 Mr
100 _aWoolf, Virginia .
245 0 _aMrs Dalloway /
_cVirginia Woolf.
_hTextual Documents
250 _a1st ed. /
260 _aOxford :
_bOxford Universsity Press ,
_c1992.
300 _axl, 256p. :
_bill ;
_c20cm .
653 _aEnglish fiction
653 _aG-English
942 _2ddc
_cBK
999 _c7942
_d7942